000 00513nam a22001937a 4500
003 KOHA_MİRAKIL
005 20250421145610.0
008 250421b tu ||||| |||| 00| 0 tur d
020 _a9786257038331
040 _aTR-AnABB
_btur
_cTR-AnABB
041 _atur
082 _a813.42
_bPOL 2022
100 1 _aPolat, Ümit,
245 1 0 _aKetum /
_cÜmit Polat
260 _aİstanbul :
_bTruva Yayınları,
_c2022
300 _a103 sayfa ;
_c22 cm
650 0 4 _aTürk edebiyatı, roman
942 _2ddc
_cBK
999 _c8802
_d8802
900 _bGizem YORULMAZ